| 000 | 00393cam a22001217a 4500 | ||
|---|---|---|---|
| 008 | 180718b1970. xxu||||| |||| 00| 0 eng d | ||
| 082 | _aB19x54 g155 | ||
| 100 | _aGangadharan, K.K. | ||
| 245 |
_aSociology of revivalism: a study of indianization, Sanskritization and Golwalkarism _cby K.K. Gangadharan |
||
| 260 |
_aDelhi _bKalamkar _c1970. |
||
| 300 | _a166p. | ||
| 650 | _aSocial Change - India. | ||
| 999 |
_c344839 _d344839 |
||